[Event "WJCC 2001"]
[Site "?"]
[Date "2001.??.??"]
[Round "5"]
[White "Kaps, D."]
[Black "Khamrakulova, I."]
[Result "1-0"]
[WhiteElo "2221"]
[BlackElo "2217"]
[Annotator "G 5.10"]
[PlyCount "69"]
[EventDate "2001.??.??"]

1. e4 c5 2. Nf3 d6 3. d4 cxd4 4. Nxd4 Nf6 5. Nc3 g6 6. Be2 Bg7 7. O-O O-O 8.
Kh1 Nc6 9. Nb3 Bd7 10. f4 Rc8 11. Bf3 a6 12. Nd5 Nxd5 13. exd5 Na5 14. Re1 Nc4
15. c3 b5 16. Nd4 Re8 17. b3 Nb6 18. Bb2 Rc5 19. Rc1 Qa8 20. Ba3 Rc7 21. h3 Bh6
22. Ne2 a5 23. Qd4 Qa7 24. Ng3 Bg7 25. Qd2 Qb7 26. f5 Qc8 27. fxg6 hxg6 28. Qf2
Qa6 29. Ne4 Nxd5 30. Nxd6 exd6 31. Bxd5 Rxe1+ 32. Rxe1 Bf5 33. Re8+ Bf8 34. Qh4
b4 35. Qh6 1-0

[Event "WJCC 2001"]
[Site "?"]
[Date "2001.??.??"]
[Round "5"]
[White "Sanchez Castillo, S."]
[Black "Zhao, X."]
[Result "1-0"]
[WhiteElo "2108"]
[BlackElo "2372"]
[Annotator "G 5.12"]
[PlyCount "77"]
[EventDate "2001.??.??"]

1. e4 c5 2. Nf3 g6 3. Nc3 Bg7 4. d4 cxd4 5. Nxd4 Nc6 6. Be3 Nf6 7. Bc4 O-O 8.
Bb3 d6 9. h3 Qa5 10. O-O Nxd4 11. Bxd4 Be6 12. Nd5 Bxd5 13. exd5 Rfc8 14. Re1
Kf8 15. Qf3 Ne8 16. Bxg7+ Nxg7 17. Re4 Qd2 18. Rf4 f6 19. Rd1 Qa5 20. Rh4 Nf5
21. Rxh7 Kg8 22. Rh5 gxh5 23. Qxf5 Kg7 24. Qe6 Rc7 25. Rd3 Rh8 26. c4 Kf8 27.
Bc2 Rg8 28. Rg3 Rxg3 29. fxg3 Kg7 30. Qe4 Qb6+ 31. Kh2 f5 32. Qxf5 Qxb2 33.
Qg5+ Kf8 34. Qxh5 Qe5 35. Qh6+ Ke8 36. Bg6+ Kd7 37. Qf8 Rc5 38. Qb8 Rc7 39.
Be8# 1-0

[Event "WJCC 2001"]
[Site "?"]
[Date "2001.??.??"]
[Round "5"]
[White "Buckley, M."]
[Black "Sergeeva, M."]
[Result "1-0"]
[WhiteElo "2118"]
[BlackElo "2327"]
[Annotator "G 5.13"]
[PlyCount "91"]
[EventDate "2001.??.??"]

1. e4 c5 2. Nc3 Nc6 3. g3 g6 4. Bg2 Bg7 5. d3 d6 6. Be3 e5 7. Qd2 Nge7 8. f4
O-O 9. Nf3 f5 10. O-O exf4 11. Bxf4 Ne5 12. Rae1 N7c6 13. exf5 Bxf5 14. Nh4 Be6
15. Ne4 Kh8 16. Bg5 Qc7 17. c3 Ne7 18. b3 Nf5 19. Nxf5 Bxf5 20. c4 a5 21. h3 a4
22. g4 Be6 23. Nc3 axb3 24. axb3 Qd7 25. Nd5 Bxd5 26. Bxd5 Rae8 27. Be4 Nxg4
28. hxg4 Qxg4+ 29. Qg2 Bd4+ 30. Be3 Bxe3+ 31. Rxe3 Rxf1+ 32. Kxf1 Qd1+ 33. Kf2
Qd2+ 34. Re2 Rf8+ 35. Kg1 Qc1+ 36. Kh2 Rf4 37. Qg3 g5 38. Bg2 Rh4+ 39. Bh3 h5
40. Qxd6 Rxh3+ 41. Kxh3 Qh1+ 42. Kg3 Qg1+ 43. Kf3 Qh1+ 44. Kf2 Qh4+ 45. Qg3
Qd4+ 46. Kg2 1-0

[Event "WJCC 2001"]
[Site "?"]
[Date "2001.??.??"]
[Round "5"]
[White "Kisonova, K."]
[Black "Moshina, C."]
[Result "1/2-1/2"]
[WhiteElo "2092"]
[BlackElo "2228"]
[Annotator "G 5.15"]
[PlyCount "66"]
[EventDate "2001.??.??"]

1. e4 c5 2. f4 g6 3. Nf3 Bg7 4. Bc4 d6 5. O-O e6 6. d3 Ne7 7. f5 gxf5 8. Nc3
Nbc6 9. Qe1 Ne5 10. Nxe5 Bxe5 11. Bf4 Bxf4 12. Rxf4 Ng6 13. Rf1 f4 14. Ne2 e5
15. Bd5 O-O 16. g3 Bh3 17. Rf2 Qg5 18. Bxb7 Rab8 19. Bd5 fxg3 20. hxg3 Bg4 21.
Kh1 Rxb2 22. Bb3 Qe3 23. Ng1 Qxe1 24. Rxe1 Be6 25. Ref1 Bxb3 26. cxb3 Rxf2 27.
Rxf2 Kg7 28. Ne2 Ne7 29. g4 Rd8 30. Ng3 d5 31. Re2 dxe4 32. dxe4 Rc8 33. Kg2
Kg6 1/2-1/2

[Event "WJCC 2001"]
[Site "?"]
[Date "2001.??.??"]
[Round "5"]
[White "Moncayo Romero, E."]
[Black "Sperdokli, E."]
[Result "0-1"]
[WhiteElo "2220"]
[BlackElo "2141"]
[Annotator "G 5.16"]
[PlyCount "88"]
[EventDate "2001.??.??"]

1. e4 c5 2. Nf3 d6 3. d4 cxd4 4. Nxd4 Nf6 5. Nc3 a6 6. Bg5 e6 7. f4 Qc7 8. Qf3
b5 9. O-O-O b4 10. Nce2 Nbd7 11. g4 Bb7 12. Ng3 Nc5 13. Bxf6 gxf6 14. Bg2 O-O-O
15. Rhe1 Be7 16. Kb1 d5 17. e5 Rhg8 18. Bh3 Kb8 19. Nh5 Ne4 20. Nxf6 Nxf6 21.
exf6 Bxf6 22. g5 Bh8 23. Rf1 Qb6 24. Qd3 a5 25. Rfe1 Ba6 26. Qd2 Rge8 27. Nf3
d4 28. Ne5 Bxe5 29. Rxe5 d3 30. c3 Rc8 31. Ka1 Red8 32. f5 Qc7 33. Re3 bxc3 34.
bxc3 Qxc3+ 35. Qxc3 Rxc3 36. fxe6 fxe6 37. Rxe6 Bc4 38. Rb1+ Kc7 39. Re7+ Kd6
40. Rxh7 Rc2 41. Rb2 Rc1+ 42. Rb1 d2 43. Bg4 Rxb1+ 44. Kxb1 Bd3+ 0-1

[Event "WJCC 2001"]
[Site "?"]
[Date "2001.??.??"]
[Round "5"]
[White "Zigangirova, S."]
[Black "Lip, C."]
[Result "1-0"]
[WhiteElo "2150"]
[BlackElo "2074"]
[Annotator "G 5.18"]
[PlyCount "109"]
[EventDate "2001.??.??"]

1. e4 c5 2. Nf3 d6 3. d4 cxd4 4. Nxd4 Nf6 5. Nc3 g6 6. Be2 Bg7 7. O-O O-O 8.
Bg5 Nc6 9. Nb3 a6 10. a4 Rb8 11. Kh1 Bd7 12. f4 b5 13. axb5 axb5 14. Bf3 Re8
15. Nd5 Qc8 16. c3 Nxd5 17. exd5 Nd8 18. Qd2 Nb7 19. Rfe1 Nc5 20. Nxc5 Qxc5 21.
Bxe7 b4 22. c4 b3 23. Ra5 Qxc4 24. Rc1 Qd4 25. Qxd4 Bxd4 26. Bxd6 Bxb2 27. Rd1
Rbc8 28. g4 Rc2 29. Ra7 Bc8 30. Rc7 Rf2 31. Rb1 Bd4 32. Bg2 Bxg4 33. Be7 b2 34.
d6 Bf5 35. d7 Bxd7 36. Rxd7 Rc2 37. Be4 Rc1+ 38. Kg2 Bc5 39. Rd8 Rxd8 40. Bxd8
Bd4 41. Ba5 Rc4 42. Kf3 Ra4 43. Rd1 Ra3+ 44. Kg2 Be3 45. Bc7 Ra2 46. Kf3 Bc1
47. Rd8+ Kg7 48. Be5+ Kh6 49. Rb8 Ra3+ 50. Kg2 Re3 51. Bf3 Rd3 52. Kg3 Rd2 53.
Rg8 f6 54. Bxf6 Rd7 55. Bg5# 1-0

[Event "WJCC 2001"]
[Site "?"]
[Date "2001.??.??"]
[Round "5"]
[White "Hersvik, A."]
[Black "Breen, V."]
[Result "1-0"]
[WhiteElo "2000"]
[BlackElo "2000"]
[Annotator "G 5.29"]
[PlyCount "41"]
[EventDate "2001.??.??"]

1. e4 e5 2. Nf3 Nc6 3. d4 exd4 4. Bc4 Nf6 5. e5 Ng4 6. O-O Bc5 7. c3 O-O 8.
cxd4 Bb6 9. Bg5 Qe8 10. Re1 Na5 11. Bd3 c5 12. h3 Nh6 13. dxc5 Bxc5 14. Qc2 b6
15. Bxh7+ Kh8 16. Be4 Nc6 17. Nc3 Ba6 18. Bxc6 dxc6 19. Bxh6 gxh6 20. Ne4 Bb4
21. Nf6 1-0

[Event "WJCC 2001"]
[Site "?"]
[Date "2001.??.??"]
[Round "5"]
[White "Li, C."]
[Black "Manolaraki, Y."]
[Result "0-1"]
[WhiteElo "2000"]
[BlackElo "2000"]
[Annotator "G 5.30"]
[PlyCount "58"]
[EventDate "2001.??.??"]

1. e4 c5 2. c3 d6 3. Nf3 Nf6 4. Be2 Nc6 5. d4 g6 6. d5 Nb8 7. Nbd2 Bg7 8. O-O
O-O 9. Rb1 Nbd7 10. Ne1 Rb8 11. b4 Qc7 12. c4 cxb4 13. Rxb4 Ne5 14. Nd3 Nxd3
15. Bxd3 Ng4 16. Nf3 Bd7 17. Qb3 b6 18. Qc2 Qc5 19. Rb1 Rfc8 20. Bb2 Nf6 21.
Bd4 Qc7 22. Rfc1 Bh6 23. Nd2 b5 24. Rb2 bxc4 25. Bxc4 Rxb2 26. Qxb2 Nxe4 27.
Be3 Bxe3 28. fxe3 Nxd2 29. Qxd2 Bb5 0-1

[Event "WJCC 2001"]
[Site "?"]
[Date "2001.??.??"]
[Round "6"]
[White "Gomez, J."]
[Black "Flores, D."]
[Result "1-0"]
[WhiteElo "2000"]
[BlackElo "2425"]
[Annotator "B 6.19"]
[PlyCount "51"]
[EventDate "2001.??.??"]

1. e4 e5 2. Nf3 Nc6 3. Bb5 Nf6 4. O-O Nxe4 5. d4 Nd6 6. Bxc6 dxc6 7. dxe5 Nf5
8. Qxd8+ Kxd8 9. Nc3 a5 10. h3 h5 11. Bg5+ Ke8 12. Rad1 Be6 13. Rd2 Bb4 14.
Rfd1 Ne7 15. Nd4 Nd5 16. a3 Bxc3 17. bxc3 Nxc3 18. Nxe6 fxe6 19. Rd8+ Kf7 20.
R8d7+ Kg6 21. R1d3 Nd5 22. Rg3 b5 23. Bf6+ Kf5 24. Bxg7 Rhd8 25. Rf7+ Ke4 26.
Rd3 1-0

[Event "WJCC 2001"]
[Site "?"]
[Date "2001.??.??"]
[Round "6"]
[White "Guidarelli, L."]
[Black "Bakre, T."]
[Result "0-1"]
[WhiteElo "2323"]
[BlackElo "2462"]
[Annotator "B 6.24"]
[PlyCount "104"]
[EventDate "2001.??.??"]

1. e4 c5 2. Nc3 Nc6 3. f4 g6 4. Nf3 Bg7 5. Bc4 e6 6. f5 Nge7 7. fxe6 fxe6 8. d3
d5 9. Bb3 b5 10. O-O c4 11. exd5 exd5 12. dxc4 dxc4 13. Qxd8+ Nxd8 14. Nxb5
cxb3 15. Nc7+ Kd7 16. Nxa8 bxc2 17. Rf2 Bb7 18. Rxc2 Bxa8 19. Bf4 Ne6 20. Rd1+
Nd5 21. Bg3 Rf8 22. h3 Rf5 23. Re2 Nef4 24. Bxf4 Rxf4 25. Ne5+ Kd6 26. Nd3 Rd4
27. Nf2 Nf4 28. Red2 Ke6 29. g3 Rxd2 30. Rxd2 Nh5 31. g4 Nf4 32. h4 h5 33. gxh5
gxh5 34. b3 Bd4 35. Kh2 Be5 36. Kg1 Ng6 37. Nd3 Bd6 38. Re2+ Kd7 39. Kf2 Bd5
40. Re1 Nxh4 41. Ne5+ Kc7 42. Rc1+ Kb7 43. Rd1 Bc5+ 44. Kg3 Nf5+ 45. Kf4 Ne3
46. Rd3 Ng2+ 47. Kf5 h4 48. Rh3 Be6+ 49. Kxe6 Nf4+ 50. Kf5 Nxh3 51. Kg4 Ng1 52.
Kxh4 Ne2 0-1

[Event "WJCC 2001"]
[Site "?"]
[Date "2001.??.??"]
[Round "6"]
[White "Dzagnidze, N."]
[Black "Xu, Y."]
[Result "0-1"]
[WhiteElo "2321"]
[BlackElo "2431"]
[Annotator "G 6.2"]
[PlyCount "122"]
[EventDate "2001.??.??"]

1. d4 d5 2. Nf3 Nf6 3. e3 c5 4. Bd3 Nc6 5. O-O Bg4 6. c3 e6 7. Nbd2 Bd6 8. dxc5
Bxc5 9. Qb3 Qc7 10. c4 O-O 11. cxd5 exd5 12. a3 Ne5 13. Be2 Bb6 14. h3 Bh5 15.
Re1 Ned7 16. Nf1 Nc5 17. Qd1 Nce4 18. Bd2 Rac8 19. Rc1 Qb8 20. Qa4 h6 21. Ba5
Bxf3 22. Bxf3 Nc5 23. Qb5 Bxa5 24. Qxa5 Nd3 25. Rxc8 Rxc8 26. Re2 Nc1 27. Re1
Nd3 28. Re2 Nc1 29. Re1 Rc2 30. Rd1 Qe5 31. Rd2 Qxb2 32. Rxd5 Nxd5 33. Qd8+ Kh7
34. Be4+ g6 35. Bxc2 Ne2+ 36. Kh2 Nec3 37. Qe8 Kg7 38. Be4 Nf6 39. Qe5 Qxa3 40.
Bxb7 Qb2 41. f4 Nd1 42. Bf3 Qc1 43. Qd4 Nf2 44. Kg1 Qe1 45. Qxa7 Nd3 46. Qa2 h5
47. Qc2 Nb4 48. Qc4 Qb1 49. e4 Nc2 50. e5 Nh7 51. Qc3 Qb6+ 52. Kh2 Nd4 53. Bd1
Nf8 54. Ne3 Nfe6 55. Nd5 Qb1 56. Bf3 Qf1 57. Qe3 h4 58. Bg4 Qc4 59. Bf3 Nf5 60.
Qe2 Qd4 61. Qd1 Qf2 {...} 0-1

[Event "WJCC 2001"]
[Site "?"]
[Date "2001.??.??"]
[Round "6"]
[White "Aarthie, R."]
[Black "Reizniece, D."]
[Result "1-0"]
[WhiteElo "2249"]
[BlackElo "2312"]
[Annotator "G 6.6"]
[PlyCount "99"]
[EventDate "2001.??.??"]

1. e4 d6 2. d4 Nf6 3. Nc3 g6 4. Be3 c6 5. Qd2 b5 6. Bd3 e5 7. dxe5 dxe5 8. Nf3
Nbd7 9. a4 b4 10. Ne2 a5 11. O-O Bg7 12. Nc1 O-O 13. Nb3 Qe7 14. Qe2 Nh5 15. g3
Re8 16. Nfd2 Nf8 17. Nc4 Bh3 18. Rfd1 f5 19. Nb6 f4 20. Bc5 Qg5 21. Nxa8 fxg3
22. fxg3 Nxg3 23. hxg3 Qxg3+ 24. Kh1 Bg4 25. Bc4+ Kh8 26. Rd3 Qf4 27. Qf2 Qxe4+
28. Qg2 Qxc4 29. Nb6 Qe6 30. Rf1 Bf5 31. Rd6 Qe7 32. Kg1 Ne6 33. Rxc6 Qh4 34.
Bf2 Qh5 35. Qh2 Bh3 36. Re1 Ng5 37. Nd2 Rd8 38. Nbc4 e4 39. Rd6 Rf8 40. Bg3 Qg4
41. Ne3 Qc8 42. Be5 Nf3+ 43. Nxf3 exf3 44. Bxg7+ Kxg7 45. Qe5+ Kh6 46. Kf2 Re8
47. Qd4 Kh5 48. Qf4 Rxe3 49. Rd5+ Bf5 50. Rh1# 1-0

[Event "WJCC 2001"]
[Site "?"]
[Date "2001.??.??"]
[Round "6"]
[White "Khukhashvili, S."]
[Black "Zuriel, M."]
[Result "1-0"]
[WhiteElo "2295"]
[BlackElo "2202"]
[Annotator "G 6.7"]
[PlyCount "80"]
[EventDate "2001.??.??"]

1. e4 c5 2. Nf3 d6 3. d4 cxd4 4. Nxd4 Nf6 5. Nc3 a6 6. Be2 e6 7. O-O Be7 8. a4
Nc6 9. Be3 O-O 10. Kh1 Qc7 11. f4 Re8 12. Bf3 Rb8 13. g4 Nxd4 14. Bxd4 e5 15.
fxe5 dxe5 16. Ba7 Ra8 17. g5 Rd8 18. Qe2 Ne8 19. Be3 Be6 20. Bg4 Rdc8 21. Bxe6
fxe6 22. Qg4 Qc6 23. g6 Nf6 24. gxh7+ Kh8 25. Qg2 Nxh7 26. Rf3 Qe8 27. Rg1 Qg8
28. Qh3 Rc7 29. Rg6 Rf8 30. Rxf8 Qxf8 31. Rxe6 Bd6 32. Qh5 Rc8 33. Kg2 Kg8 34.
Rg6 Rc7 35. Qg4 Rf7 36. Qe6 Bb8 37. Nd5 Kh8 38. Bc5 Qg8 39. Ne7 Qe8 40. Rg3 Rf6
{Time.} 1-0

[Event "WJCC 2001"]
[Site "?"]
[Date "2001.??.??"]
[Round "6"]
[White "Sperdokli, E."]
[Black "Jackova, J."]
[Result "0-1"]
[WhiteElo "2141"]
[BlackElo "2350"]
[Annotator "G 6.9"]
[PlyCount "84"]
[EventDate "2001.??.??"]

1. e4 e5 2. Nf3 Nc6 3. Bc4 Bc5 4. c3 Nf6 5. b4 Bb6 6. d3 d6 7. a4 a5 8. b5 Ne7
9. Bb3 Ng6 10. O-O O-O 11. Na3 c6 12. Nc4 Bc7 13. Re1 Re8 14. d4 exd4 15. Qxd4
d5 16. exd5 Rxe1+ 17. Nxe1 cxd5 18. Ne3 Be5 19. Qd3 Nf4 20. Qc2 Bxc3 21. Bb2
Bxb2 22. Qxb2 Be6 23. Qe5 Qb8 24. Nf3 Qxe5 25. Nxe5 Rc8 26. Rd1 Rc3 27. Bc2 Kf8
28. Kf1 Ke7 29. Rd4 Ne4 30. g3 Bh3+ 31. Ke1 Ng2+ 32. Nxg2 Rxc2 33. Nf4 Be6 34.
Ned3 Kd6 35. Ne2 g5 36. f3 Nc5 37. Kd1 Ra2 38. Ndc1 Rxa4 39. Rxa4 Nxa4 40. Nb3
b6 41. Ned4 Nb2+ 42. Kc2 Nc4 0-1

[Event "WJCC 2001"]
[Site "?"]
[Date "2001.??.??"]
[Round "6"]
[White "Sanchez Castilo, S."]
[Black "Ubiennykh, E."]
[Result "0-1"]
[WhiteElo "2125"]
[BlackElo "2288"]
[Annotator "G 6.10"]
[PlyCount "32"]
[EventDate "2001.??.??"]

1. e4 e5 2. d4 exd4 3. Qxd4 Nc6 4. Qe3 Nf6 5. Bd2 Bb4 6. Nc3 O-O 7. O-O-O Re8
8. Bc4 d6 9. f3 a6 10. Nh3 b5 11. Bb3 Bc5 12. Qg5 Nd4 13. Nf4 a5 14. Nh5 Nxh5
15. Qxh5 Nxb3+ 16. cxb3 Re5 0-1

[Event "WJCC 2001"]
[Site "?"]
[Date "2001.??.??"]
[Round "6"]
[White "Kasturi, M."]
[Black "Meenakshi, S."]
[Result "1-0"]
[WhiteElo "2115"]
[BlackElo "245"]
[Annotator "G 6.12"]
[PlyCount "67"]
[EventDate "2001.??.??"]

1. e4 e5 2. Nf3 Nf6 3. Nxe5 d6 4. Nf3 Nxe4 5. Nc3 Nxc3 6. dxc3 Be7 7. Bf4 O-O
8. Qd2 Nd7 9. O-O-O Nc5 10. Bd3 Be6 11. Kb1 Qd7 12. Nd4 Bf6 13. Nxe6 fxe6 14.
Be3 Na4 15. Qe2 a6 16. Qh5 g6 17. Qg4 b5 18. Bd4 Qf7 19. h4 c5 20. Bxf6 Qxf6
21. h5 g5 22. f4 Qxf4 23. Qxe6+ Qf7 24. Qh6 Qg7 25. Qxd6 h6 26. Be4 Ra7 27.
Bd5+ Kh8 28. Rdf1 Re8 29. Rf6 Kh7 30. Bc6 Ree7 31. Rhf1 Rac7 32. Rg6 Qf8 33.
Qd3 c4 34. Rxh6+ 1-0

[Event "WJCC 2001"]
[Site "?"]
[Date "2001.??.??"]
[Round "6"]
[White "Zimina, O."]
[Black "Buckley, M."]
[Result "1-0"]
[WhiteElo "2312"]
[BlackElo "2118"]
[Annotator "G 6.13"]
[PlyCount "63"]
[EventDate "2001.??.??"]

1. e4 e6 2. Qe2 Nc6 3. Nf3 Be7 4. d3 d5 5. c3 a5 6. g3 Nf6 7. Bg2 O-O 8. e5 Nd7
9. O-O b5 10. Bf4 Ba6 11. Nbd2 Nb6 12. h4 a4 13. a3 Na5 14. Nh2 c5 15. Ndf3 b4
16. Rad1 bxa3 17. bxa3 c4 18. d4 Bxa3 19. Ng5 h6 20. Qh5 hxg5 21. hxg5 g6 22.
Qh4 Re8 23. Ng4 Kf8 24. Rd2 Bc1 25. Rxc1 Nb3 26. Ra2 Nxc1 27. Bxc1 Ke7 28. Nf6
Qc8 29. Qh7 Qb7 30. Ba3+ Kd8 31. Nxe8 Nc8 32. Rb2 1-0

[Event "WJCC 2001"]
[Site "?"]
[Date "2001.??.??"]
[Round "6"]
[White "Moshina, C."]
[Black "Volosjuk, J."]
[Result "1-0"]
[WhiteElo "2228"]
[BlackElo "2078"]
[Annotator "G 6.14"]
[PlyCount "49"]
[EventDate "2001.??.??"]

1. e4 e5 2. Nf3 Nc6 3. Bb5 a6 4. Ba4 Nf6 5. O-O Be7 6. Re1 b5 7. Bb3 d6 8. h3
Na5 9. d4 Nxb3 10. axb3 O-O 11. dxe5 dxe5 12. Qxd8 Rxd8 13. Nxe5 Bb4 14. Nc3
Re8 15. Bf4 Bb7 16. f3 Bc5+ 17. Kf1 Nh5 18. Nd3 Bb6 19. Be3 Bxe3 20. Rxe3 f5
21. Nc5 Bc6 22. Rxa6 Rxa6 23. Nxa6 f4 24. Re1 Rd8 25. Rd1 1-0

[Event "WJCC 2001"]
[Site "?"]
[Date "2001.??.??"]
[Round "6"]
[White "Kisonova, K."]
[Black "Jurkiewicz, K."]
[Result "1/2-1/2"]
[WhiteElo "2092"]
[BlackElo "2217"]
[Annotator "G 6.15"]
[PlyCount "50"]
[EventDate "2001.??.??"]

1. e4 e5 2. Nf3 Nc6 3. Bb5 Nf6 4. O-O Nxe4 5. Re1 Nd6 6. Nxe5 Nxe5 7. Rxe5+ Be7
8. Ba4 O-O 9. d4 Nc4 10. Re1 d5 11. Nd2 Nb6 12. Bb3 Bd6 13. Qh5 c6 14. c3 Re8
15. Nf3 Rxe1+ 16. Nxe1 g6 17. Qf3 Bf5 18. Bf4 Nc8 19. Qg3 Bxf4 20. Qxf4 Qd6 21.
Qxd6 Nxd6 22. Bc2 Bxc2 23. Nxc2 f6 24. Re1 Kf7 25. f3 Re8 1/2-1/2

[Event "WJCC 2001"]
[Site "?"]
[Date "2001.??.??"]
[Round "6"]
[White "Sergeeva, M."]
[Black "Kradolfer, C."]
[Result "1-0"]
[WhiteElo "2327"]
[BlackElo "2074"]
[Annotator "G 6.20"]
[PlyCount "41"]
[EventDate "2001.??.??"]

1. e4 c5 2. Nf3 d6 3. d4 cxd4 4. Nxd4 Nf6 5. Nc3 a6 6. Bg5 e6 7. Qd3 h6 8. Bd2
Be7 9. Qg3 Nh5 10. Qf3 Nf6 11. O-O-O Nc6 12. Nxc6 bxc6 13. e5 Nd5 14. Ne4 Rb8
15. exd6 Bxd6 16. Nxd6+ Qxd6 17. c4 Nb4 18. a3 Na2+ 19. Kb1 Qe5 20. b3 O-O 21.
Kxa2 1-0

[Event "WJCC 2001"]
[Site "?"]
[Date "2001.??.??"]
[Round "6"]
[White "Breen, V."]
[Black "Li, C."]
[Result "1-0"]
[WhiteElo "2000"]
[BlackElo "2000"]
[Annotator "G 6.30"]
[PlyCount "77"]
[EventDate "2001.??.??"]

1. d4 Nf6 2. e3 e6 3. Nf3 b6 4. Bd3 Bb7 5. O-O Be7 6. b3 O-O 7. Bb2 d6 8. Nbd2
Nbd7 9. c4 d5 10. Rc1 Ne4 11. Qc2 c5 12. Nxe4 dxe4 13. Bxe4 Bxe4 14. Qxe4 Nf6
15. Qc2 Rc8 16. Rfd1 Qc7 17. h3 Rfd8 18. Rd2 cxd4 19. Nxd4 Bb4 20. Rd3 Qe7 21.
Rcd1 Nd7 22. Nb5 Nc5 23. Rxd8+ Rxd8 24. a3 Na6 25. Rxd8+ Qxd8 26. axb4 Nxb4 27.
Qc3 f6 28. Qxb4 Qd1+ 29. Kh2 Qe2 30. Ba3 h6 31. Qf8+ Kh7 32. Nd4 Qh5 33. Nxe6
Qe5+ 34. Nf4 g5 35. Bd6 Qf5 36. Qf7+ Kh8 37. Ng6+ Qxg6 38. Qxg6 a5 39. Bf8 1-0

[Event "WJCC 2001"]
[Site "?"]
[Date "2001.??.??"]
[Round "7"]
[White "Berg, E."]
[Black "Gomez, J."]
[Result "1-0"]
[WhiteElo "2496"]
[BlackElo "2000"]
[Annotator "B 7.9"]
[PlyCount "131"]
[EventDate "2001.??.??"]

1. e4 c5 2. Nf3 d6 3. d4 cxd4 4. Nxd4 Nf6 5. Nc3 g6 6. Be3 Bg7 7. f3 O-O 8. Bc4
Nc6 9. Qd2 Bd7 10. Bb3 Rc8 11. O-O-O Ne5 12. Kb1 Nc4 13. Bxc4 Rxc4 14. g4 b5
15. h4 b4 16. Nd5 Nxd5 17. exd5 Qa8 18. h5 Qxd5 19. Qh2 Qe5 20. Bf4 Qf6 21.
hxg6 fxg6 22. Be3 Rfc8 23. Rd2 a5 24. Qxh7+ Kf7 25. Qh3 Rh8 26. Qf1 Rxh1 27.
Qxh1 e5 28. Nb3 e4 29. Rd4 a4 30. g5 Qe5 31. fxe4 Be6 32. Qf1+ Kg8 33. Bf4 Qb5
34. Rxd6 axb3 35. axb3 Rc5 36. Qxb5 Rxb5 37. Rxe6 Kf7 38. Rc6 Bf8 39. Rc7+ Ke6
40. Rc6+ Kf7 41. Kc1 Be7 42. e5 Rd5 43. c4 Rc5 44. e6+ Ke8 45. Rxc5 Bxc5 46.
Kc2 Ke7 47. Kd3 Kxe6 48. Ke4 Bb6 49. Be3 Bc7 50. Bc5 Bd8 51. Be3 Bc7 52. c5 Be5
53. Bd4 Bc7 54. Bf6 Bg3 55. Kd4 Be1 56. Kc4 Bd2 57. Kb5 Kd7 58. Kb6 Be3 59. Kb5
Bd2 60. c6+ Kc7 61. Be7 Kc8 62. Kc5 Kc7 63. Kd5 Bc1 64. Ke6 Kxc6 65. Kf6 Bxb2+
66. Kxg6 1-0

[Event "WJCC 2001"]
[Site "?"]
[Date "2001.??.??"]
[Round "7"]
[White "Ubiennykh, E."]
[Black "Dzagnidze, N."]
[Result "0-1"]
[WhiteElo "2288"]
[BlackElo "2321"]
[Annotator "G 7.7"]
[PlyCount "88"]
[EventDate "2001.??.??"]

1. e4 c5 2. Nf3 d6 3. d4 cxd4 4. Nxd4 Nf6 5. Nc3 a6 6. Bc4 e6 7. a3 Be7 8. Ba2
O-O 9. O-O b5 10. Qf3 Bb7 11. Qg3 Nxe4 12. Nxe4 Bxe4 13. Bxe6 Bf6 14. Bf5 d5
15. Qh3 g6 16. Bxe4 dxe4 17. Nb3 Re8 18. Rb1 Qc7 19. c3 Qc4 20. Na5 Qc7 21. Nb3
Nc6 22. Be3 Rad8 23. Nc5 a5 24. Qg4 Be5 25. Qe2 Bxh2+ 26. Kh1 Rd5 27. g4 Bd6
28. b4 h5 29. Kg2 Bf4 30. Rg1 hxg4 31. Rbd1 Rf5 32. Rd7 Qb8 33. Kf1 Bxe3 34.
Qxe3 Qh2 35. Rxg4 Rf3 36. Qe2 Qh3+ 37. Rg2 e3 38. Rd3 Re5 39. Kg1 exf2+ 40.
Qxf2 Rxd3 41. Nxd3 Qxd3 42. Qf6 Qd1+ 43. Kh2 Rh5+ 44. Kg3 Qd3+ 0-1

[Event "WJCC 2001"]
[Site "?"]
[Date "2001.??.??"]
[Round "7"]
[White "Reizniece, D."]
[Black "Zigangirova, S."]
[Result "1-0"]
[WhiteElo "2312"]
[BlackElo "2150"]
[Annotator "G 7.9"]
[PlyCount "68"]
[EventDate "2001.??.??"]

1. c4 c5 2. Nf3 Nf6 3. Nc3 Nc6 4. g3 g6 5. Bg2 Bg7 6. O-O O-O 7. d4 cxd4 8.
Nxd4 Nxd4 9. Qxd4 d6 10. Qd3 a6 11. Rb1 Rb8 12. a4 Bf5 13. e4 Be6 14. b3 Nd7
15. Bb2 Nc5 16. Qc2 a5 17. Rfe1 Re8 18. Nd5 Bxb2 19. Rxb2 Bxd5 20. exd5 Qd7 21.
Qc3 b6 22. Rbe2 Rb7 23. Re3 Rc7 24. h4 Qf5 25. Rf3 Qh5 26. Qd2 Qg4 27. Kh2 Kg7
28. Qe3 Qh5 29. Qd2 Qg4 30. Rfe3 Qh5 31. Qc1 Kf8 32. Qa3 Kg7 33. Qc1 Kf8 34.
Bh3 Kg7 {...} 1-0

[Event "WJCC 2001"]
[Site "?"]
[Date "2001.??.??"]
[Round "7"]
[White "Kaps, D."]
[Black "Zimina, O."]
[Result "1/2-1/2"]
[WhiteElo "2221"]
[BlackElo "2312"]
[Annotator "G 7.10"]
[PlyCount "101"]
[EventDate "2001.??.??"]

1. e4 c6 2. d4 d5 3. exd5 cxd5 4. Bd3 Nc6 5. c3 Nf6 6. Bf4 Bg4 7. Nf3 e6 8.
Nbd2 Be7 9. O-O O-O 10. h3 Bh5 11. Qb3 Na5 12. Qc2 a6 13. Ne5 Rc8 14. Rae1 b5
15. Bg5 Bg6 16. f4 Nc4 17. f5 exf5 18. Bxf5 Bxf5 19. Rxf5 Nd6 20. Bxf6 Nxf5 21.
Qxf5 Bxf6 22. Nd7 Re8 23. Rf1 Qe7 24. Nxf6+ Qxf6 25. Qxd5 Qe6 26. Qxe6 Rxe6 27.
a3 Re2 28. Rf2 Rce8 29. Nf3 f6 30. Kf1 Rxf2+ 31. Kxf2 Kf7 32. Nd2 Ke6 33. Ke3
Kd5+ 34. Kd3 Re1 35. b3 Rg1 36. c4+ bxc4+ 37. bxc4+ Kc6 38. d5+ Kd6 39. Kd4
Rxg2 40. c5+ Kc7 41. Nc4 Rg3 42. c6 Rxh3 43. Kc5 Rh5 44. Nb6 Re5 45. Na8+ Kb8
46. Nb6 Kc7 47. Nd7 Rf5 48. Nb6 Re5 49. Na8+ Kb8 50. Nb6 Kc7 51. Na8+ 1/2-1/2

[Event "WJCC 2001"]
[Site "?"]
[Date "2001.??.??"]
[Round "7"]
[White "Zuriel, M."]
[Black "Calotescu, C."]
[Result "1-0"]
[WhiteElo "2202"]
[BlackElo "2283"]
[Annotator "G 7.11"]
[PlyCount "71"]
[EventDate "2001.??.??"]

1. e4 e6 2. d4 d5 3. exd5 exd5 4. c4 Nf6 5. Nc3 Nbd7 6. Nf3 Be7 7. Bd3 dxc4 8.
Bxc4 Nb6 9. Bb3 O-O 10. h3 Bf5 11. O-O Nfd5 12. Ne5 c6 13. Re1 Nxc3 14. bxc3 a5
15. a4 Nd5 16. Qf3 Be6 17. Bb2 Bg5 18. Rad1 Qf6 19. c4 Nf4 20. d5 cxd5 21. cxd5
Bf5 22. Bc3 Qh6 23. d6 Be6 24. Bc2 b6 25. Be4 Rab8 26. Bb2 Kh8 27. Ba3 f5 28.
Bc6 Rfd8 29. d7 Bg8 30. Bd6 Qf6 31. h4 Bh6 32. g3 Ne6 33. Bxb8 Rxb8 34. Bb5 Rf8
35. Nc6 Bf7 36. Rxe6 1-0

[Event "WJCC 2001"]
[Site "?"]
[Date "2001.??.??"]
[Round "7"]
[White "Hryhorenko, N."]
[Black "Khamrakulova, I."]
[Result "1/2-1/2"]
[WhiteElo "2236"]
[BlackElo "2217"]
[Annotator "G 7.12"]
[PlyCount "99"]
[EventDate "2001.??.??"]

1. d4 Nf6 2. Nf3 g6 3. Bf4 Bg7 4. e3 O-O 5. h3 d6 6. Be2 Nbd7 7. O-O c5 8. c3
b6 9. a4 Bb7 10. a5 Re8 11. a6 Bc6 12. Bh2 e5 13. dxe5 Nxe5 14. Nbd2 Qe7 15.
Qc2 Nxf3+ 16. Bxf3 Bxf3 17. Nxf3 d5 18. Rfd1 Rad8 19. Qa4 Qe6 20. Bc7 Rd7 21.
Bf4 Ne4 22. Ng5 Nxg5 23. Bxg5 h6 24. Bf4 g5 25. Bg3 Red8 26. Rd2 d4 27. exd4
cxd4 28. Rad1 d3 29. Qb5 Rd5 30. Qb3 Qc8 31. c4 Rd4 32. Rxd3 Qxa6 33. Rxd4 Rxd4
34. Rc1 Qc8 35. Qa4 a6 36. b3 b5 37. Qa2 bxc4 38. bxc4 Qc6 39. Qb3 h5 40. Qb8+
Kh7 41. Qc7 Qe6 42. c5 Rd2 43. Qb6 Qxb6 44. cxb6 Rb2 45. Rc6 Bd4 46. Bc7 a5 47.
Kf1 a4 48. Rc4 Bxb6 49. Bxb6 Rxb6 50. Rxa4 1/2-1/2

[Event "WJCC 2001"]
[Site "?"]
[Date "2001.??.??"]
[Round "7"]
[White "Meenakshi, S."]
[Black "Sperdokli, E."]
[Result "1-0"]
[WhiteElo "2245"]
[BlackElo "2141"]
[Annotator "G 7.15"]
[PlyCount "55"]
[EventDate "2001.??.??"]

1. d4 Nf6 2. c4 c5 3. Nf3 cxd4 4. Nxd4 e5 5. Nc2 d5 6. Nba3 Be6 7. e3 Nc6 8.
Be2 Rc8 9. O-O Bd6 10. Nb5 Bb8 11. cxd5 Nxd5 12. e4 Nf6 13. Nc3 O-O 14. Bg5 h6
15. Be3 Na5 16. Na3 a6 17. Qe1 b5 18. Rd1 Nd7 19. Nd5 Bxd5 20. Rxd5 Nc6 21. Bg4
f5 22. Bxf5 Rxf5 23. exf5 Qc7 24. Qd1 Nf6 25. Rc5 e4 26. g3 Ba7 27. Qb3+ Kh8
28. Rxc6 1-0